| Tag |
First Indicator |
Second Indicator |
Subfields |
| LEADER |
00000nam a2200000 i 4500 |
| 001 |
in00004753813 |
| 006 |
m|||||o||d|||||||| |
| 007 |
cr ||||||||||| |
| 008 |
131016r20132006cau fo| 000|0|eng|d |
| 005 |
20231120173411.6 |
| 020 |
|
|
|a 9781483300504 (ebook) :
|c No price
|
| 035 |
|
|
|a (OCoLC)941014204
|
| 035 |
|
|
|a (StDuBDS)EDZ0000168959
|
| 040 |
|
|
|a StDuBDS
|b eng
|c StDuBDS
|e rda
|e pn
|
| 050 |
|
4 |
|a KF49
|b .C65 2013
|
| 082 |
0 |
4 |
|a 328.73005
|2 23
|
| 245 |
0 |
0 |
|a Congress and the nation.
|n Vol. XI,
|p 2001-2004 :
|b the 107th and 108th Congresses.
|
| 264 |
|
1 |
|a Thousand Oaks, California :
|b CQ Press,
|c 2013.
|
| 300 |
|
|
|a 1 online resource
|
| 336 |
|
|
|a text
|b txt
|2 rdacontent
|
| 337 |
|
|
|a computer
|b c
|2 rdamedia
|
| 338 |
|
|
|a online resource
|b cr
|2 rdacarrier
|
| 500 |
|
|
|a Previously issued in print: 2006.
|
| 520 |
8 |
|
|a Congress and the Nation is an authoritative reference on congressional trends, actions, and political and policy controversies. This award-winning series documents the most fiercely debated issues in recent American politics, providing a unique retrospective analysis of the policies of the U.S. Congress. Organized by policy area, each chapter contains summaries of legislative activity, including bills passed, defeated, or postponed.
|
| 521 |
|
|
|a Specialized.
|
| 588 |
|
|
|a Description based on online resource; title from home page (viewed on December 10, 2014).
|
| 610 |
1 |
0 |
|a United States.
|b Congress
|v Periodicals.
|
| 650 |
|
0 |
|a Law
|z United States
|v Periodicals.
|
| 650 |
|
0 |
|a Legislation
|z United States
|v Periodicals.
|
| 651 |
|
0 |
|a United States
|x Politics and government
|v Periodicals.
|
| 655 |
|
7 |
|a Electronic books.
|2 local
|
| 710 |
2 |
|
|a Sage Publications.
|
| 776 |
0 |
8 |
|i Print version :
|z 9781568028507
|
| 856 |
4 |
0 |
|u http://proxy.library.tamu.edu/login?url=https://sk.sagepub.com/cqpress/congress-and-the-nation-xi
|z Connect to the full text of this electronic book
|t 0
|
| 955 |
|
|
|a SAGE Knowledge
|
| 999 |
f |
f |
|s 867c7316-5655-49a1-b1ea-4677714d9f46
|i 34d58ceb-a64c-4efd-bb1a-cee5b3dd7c74
|t 0
|
| 952 |
f |
f |
|a Texas A&M University
|b College Station
|c Electronic Resources
|d Available Online
|t 0
|e KF49 .C65 2013
|h Library of Congress classification
|
| 998 |
f |
f |
|a KF49 .C65 2013
|t 0
|l Available Online
|